[Event "Oberliga Bayern 2324"]
[Site "Germany"]
[Date "2024.04.28"]
[Round "9.1"]
[White "Zehnter, Sebastian"]
[Black "Milov, Leonid"]
[Result "1/2-1/2"]
[WhiteElo "2253"]
[BlackElo "2427"]
[PlyCount "68"]
[EventDate "2023.10.22"]
[EventType "team-tourn"]
[EventRounds "9"]
[EventCountry "GER"]
[SourceTitle "EXT 2025"]
[Source "ChessBase"]
[SourceDate "2024.10.14"]
[SourceVersion "1"]
[SourceVersionDate "2024.10.14"]
[SourceQuality "1"]
[WhiteTeam "Kriegshaber"]
[BlackTeam "Nuernberg"]
[WhiteTeamCountry "GER"]
[BlackTeamCountry "GER"]

1. d4 f5 2. g3 Nf6 3. Bg2 e6 4. Nf3 d5 5. c4 Bd6 6. Nc3 c6 7. Bf4 Bxf4 8. gxf4 0-0 9. e3 Nbd7 10. Qc2 Ne4 11. h4 b5 12. c5 Qa5 13. Nd2 Rb8 14. Nb3 Qc7 15. Ne2 b4 16. f3 Nef6 17. Ng3 a5 18. Nd2 Ba6 19. Kf2 Bb5 20. Rag1 a4 21. Bh3 Kh8 22. Rh2 Qa5 23. Qc1 Bd3 24. Bf1 Qa6 25. Be2 Bxe2 26. Nxe2 Nh5 27. Qb1 Ndf6 28. Nc1 Qa5 29. Qd3 Nd7 30. Ne2 Rf7 31. Rg5 Ndf6 32. Rg1 g6 33. Ke1 Nd7 34. Kd1 a3 1/2-1/2

[Event "Oberliga Bayern 2324"]
[Site "Germany"]
[Date "2023.12.03"]
[Round "3.1"]
[White "Zehnter, Sebastian"]
[Black "Kolb, Tobias"]
[Result "1-0"]
[WhiteElo "2253"]
[BlackElo "2329"]
[PlyCount "101"]
[EventDate "2023.10.22"]
[EventType "team-tourn"]
[EventRounds "9"]
[EventCountry "GER"]
[SourceTitle "EXT 2025"]
[Source "ChessBase"]
[SourceDate "2024.10.14"]
[SourceVersion "1"]
[SourceVersionDate "2024.10.14"]
[SourceQuality "1"]
[WhiteTeam "Kriegshaber"]
[BlackTeam "Bamberg"]
[WhiteTeamCountry "GER"]
[BlackTeamCountry "GER"]

1. d4 d5 2. Nf3 Nf6 3. c4 e6 4. e3 a6 5. b3 b6 6. Bd3 Bb7 7. 0-0 Nbd7 8. Qe2 Bd6 9. cxd5 exd5 10. Ba3 Bxa3 11. Nxa3 Qe7 12. Nb1 Ne4 13. Rc1 c6 14. Nc3 0-0 15. Rab1 b5 16. Qb2 c5 17. dxc5 Ndxc5 18. Rd1 b4 19. Ne2 a5 20. Bb5 Rfc8 21. Rbc1 Qe6 22. Nfd4 Qf6 23. f3 Nd6 24. Qd2 Qe5 25. Bc6 Bxc6 26. Rxc5 Bb7 27. Rxc8+ Rxc8 28. Rc1 Rxc1+ 29. Qxc1 g6 30. h3 Qe8 31. Kf2 Qc8 32. Qb2 Ba6 33. Nf4 Qc5 34. h4 h5 35. Ke1 Nc8 36. Kd2 Ne7 37. g3 Qc7 38. a3 bxa3 39. Qxa3 Kh7 40. Qa1 Qc5 41. Qa4 Bc8 42. Qe8 Kg7 43. g4 hxg4 44. h5 Qb4+ 45. Kc2 Bf5+ 46. Kd1 Qd6 47. h6+ Kxh6 48. Qh8+ Kg5 49. Ng2 Qg3 50. f4+ Qxf4 51. exf4# 1-0

[Event "Landesliga Sued 1920"]
[Site "Bayern"]
[Date "2020.09.20"]
[Round "9.4"]
[White "Zehnter, Sebastian"]
[Black "Tebelmann, Lars"]
[Result "1-0"]
[WhiteElo "2241"]
[BlackElo "2069"]
[PlyCount "77"]
[EventDate "2019.09.29"]
[EventType "team-tourn"]
[EventRounds "9"]
[EventCountry "GER"]
[SourceTitle "EXT 2022"]
[Source "ChessBase"]
[SourceDate "2021.10.06"]
[SourceVersion "1"]
[SourceVersionDate "2021.10.06"]
[SourceQuality "1"]
[WhiteTeam "Kriegshaber"]
[BlackTeam "MSA Zugzwang II"]
[WhiteTeamCountry "GER"]
[BlackTeamCountry "GER"]

1. b3 d5 2. Bb2 c5 3. e3 Nf6 4. Nf3 Bg4 5. h3 Bxf3 6. Qxf3 Nc6 7. Bb5 Rc8 8. c4 dxc4 9. bxc4 a6 10. Bxc6+ Rxc6 11. Bxf6 gxf6 12. Nc3 Qd3 13. Rb1 Rd6 14. Qe2 Qxe2+ 15. Kxe2 Rd7 16. Rb3 e6 17. Rhb1 b5 18. cxb5 c4 19. R3b2 a5 20. Rc2 Bb4 21. Ne4 Ke7 22. Rxc4 f5 23. Nc3 Rhd8 24. Rb2 e5 25. Nb1 Rb8 26. a3 Bd6 27. Ra4 Bc7 28. Nc3 Bb6 29. Rc4 Rd6 30. Na4 Ke6 31. Rbc2 Bd8 32. Nc5+ Kd5 33. a4 Rc8 34. d3 e4 35. Rd4+ Ke5 36. Rxd6 Kxd6 37. Nb7+ Kd7 38. Rxc8 Kxc8 39. Nxd8 1-0

[Event "GER CupT 1819 prel7"]
[Site "Ortenburg"]
[Date "2019.01.26"]
[Round "1.1"]
[White "Zehnter, Sebastian"]
[Black "Zuferi, Enis"]
[Result "0-1"]
[WhiteElo "2248"]
[BlackElo "2350"]
[PlyCount "66"]
[EventDate "2019.01.26"]
[EventType "team-k.o."]
[EventRounds "2"]
[EventCountry "GER"]
[SourceTitle "EXT 2021"]
[Source "ChessBase"]
[SourceDate "2020.10.23"]
[SourceVersion "1"]
[SourceVersionDate "2020.10.23"]
[SourceQuality "1"]
[WhiteTeam "Ilmenau"]
[BlackTeam "Heilbronn"]
[WhiteTeamCountry "GER"]
[BlackTeamCountry "GER"]

1. e4 c5 2. Nf3 d6 3. d4 Nf6 4. Nc3 cxd4 5. Nxd4 a6 6. h3 e5 7. Nde2 h5 8. g3 Be7 9. Bg2 b5 10. a4 b4 11. Nd5 Nxd5 12. exd5 a5 13. 0-0 h4 14. g4 Ba6 15. f4 Nd7 16. Be3 exf4 17. Rxf4 Bxe2 18. Qxe2 0-0 19. Bd4 Bg5 20. Rf5 g6 21. Rff1 Bf6 22. Bxf6 Nxf6 23. Qf2 Nd7 24. Qf4 Ne5 25. Qh6 Rc8 26. Rac1 Rc4 27. b3 Rc3 28. Rf2 Qb6 29. Rcf1 Rxc2 30. Be4 Re2 31. Bb1 Qe3 32. Qxe3 Rxe3 33. Kg2 Rxb3 0-1

[Event "GER-ch 85th"]
[Site "Verden an der Aller"]
[Date "2014.11.28"]
[Round "8"]
[White "Hoeffer, David"]
[Black "Zehnter, Sebastian"]
[Result "1-0"]
[WhiteElo "2276"]
[BlackElo "2237"]
[PlyCount "97"]
[EventDate "2014.11.21"]
[EventType "swiss"]
[EventRounds "9"]
[EventCountry "GER"]
[SourceTitle "CBM 163 Extra"]
[Source "ChessBase"]
[SourceDate "2014.12.23"]
[SourceVersion "1"]
[SourceVersionDate "2014.12.23"]
[SourceQuality "1"]

1. d4 d5 2. Nf3 Nc6 3. e3 Nf6 4. c4 g6 5. Nc3 Bg7 6. cxd5 Nxd5 7. Qb3 Nb6 8. d5 Nb8 9. a4 a5 10. e4 0-0 11. Be3 N6d7 12. Be2 Na6 13. 0-0 c6 14. Rfd1 Ndc5 15. Qc4 Qb6 16. Nd4 Bd7 17. Bf3 Rfe8 18. Rac1 Rac8 19. h4 Qb4 20. Qa2 e5 21. dxe6 Bxe6 22. Nxe6 Nxe6 23. Bg4 Bxc3 24. bxc3 Qxe4 25. Bxe6 Qxe6 26. Qxe6 fxe6 27. Bb6 Re7 28. Bxa5 Kf7 29. Bd8 Re8 30. Rd7+ Kg8 31. Bb6 Rf8 32. Rcd1 Rf4 33. Re7 Rxa4 34. g3 Nb8 35. Rxb7 Rc4 36. Ba7 Na6 37. Rdd7 c5 38. Rxh7 Rxc3 39. Rbg7+ Kf8 40. Rxg6 Rc7 41. Rh8+ Ke7 42. Bb6 Rc6 43. Bd8+ Kd6 44. Bg5 Rb3 45. h5 c4 46. h6 Rb7 47. Rg7 Rcc7 48. Bf4+ e5 49. Rd8+ 1-0

[Event "GER-ch 85th"]
[Site "Verden an der Aller"]
[Date "2014.11.21"]
[Round "1"]
[White "Zehnter, Sebastian"]
[Black "Breutigam, Martin"]
[Result "1-0"]
[WhiteElo "2237"]
[BlackElo "2409"]
[PlyCount "121"]
[EventDate "2014.11.21"]
[EventType "swiss"]
[EventRounds "9"]
[EventCountry "GER"]
[SourceTitle "CBM 163 Extra"]
[Source "ChessBase"]
[SourceDate "2014.12.23"]
[SourceVersion "1"]
[SourceVersionDate "2014.12.23"]
[SourceQuality "1"]

1. d4 d5 2. c4 c6 3. Nc3 Nf6 4. e3 Bg4 5. Qb3 Qb6 6. Qxb6 axb6 7. cxd5 Nxd5 8. Nxd5 cxd5 9. Bd2 Nc6 10. Bb5 Bd7 11. Ne2 e6 12. 0-0 Na5 13. Nc3 Bc6 14. Rfe1 Bb4 15. Bd3 0-0 16. Red1 Be7 17. Rac1 Nc4 18. Bxc4 dxc4 19. a3 Rfd8 20. Ne2 b5 21. Bc3 h5 22. f3 f5 23. Kf2 Kf7 24. Rd2 g5 25. h3 Rg8 26. Rh1 Rad8 27. Bb4 Bf6 28. Bc5 Rg7 29. Nc3 g4 30. hxg4 hxg4 31. e4 gxf3 32. gxf3 Rdg8 33. Ke1 Rg1+ 34. Rxg1 Rxg1+ 35. Kf2 Rg8 36. Ke1 Bh4+ 37. Kd1 Rg1+ 38. Kc2 Rf1 39. d5 exd5 40. exd5 Bd7 41. Rh2 Bg5 42. Ne2 Bf6 43. Rh7+ Ke8 44. Rh6 Be5 45. f4 Bg7 46. Rh7 Bf6 47. Ng3 Re1 48. Nh5 Be7 49. Rxe7+ Rxe7 50. Bxe7 Kxe7 51. Kc3 Kd6 52. Kd4 Be8 53. Ng3 Bg6 54. Nf1 Bf7 55. Ne3 Bg6 56. a4 c3 57. axb5 cxb2 58. Nc4+ Kd7 59. Nxb2 Bh5 60. b6 Be2 61. Ke5 1-0

[Event "Landesliga Nord 1213"]
[Site "Bayern"]
[Date "2012.11.11"]
[Round "2.2"]
[White "Speckner, Roland"]
[Black "Zehnter, Sebastian"]
[Result "1-0"]
[WhiteElo "2342"]
[BlackElo "2199"]
[PlyCount "53"]
[EventDate "2012.10.14"]
[EventType "team-tourn"]
[EventRounds "9"]
[EventCountry "GER"]
[SourceTitle "EXT 2015"]
[Source "ChessBase"]
[SourceDate "2014.11.20"]
[SourceVersion "1"]
[SourceVersionDate "2014.11.20"]
[SourceQuality "1"]
[WhiteTeam "Kareth Lappersdorf"]
[BlackTeam "Wuerzburg"]
[WhiteTeamCountry "GER"]
[BlackTeamCountry "GER"]

1. e4 c5 2. d3 Nc6 3. f4 d5 4. Be2 Nf6 5. e5 Nd7 6. c3 e6 7. Nf3 Be7 8. Be3 b6 9. 0-0 Ba6 10. Na3 0-0 11. Nc2 Qc7 12. Qd2 f6 13. exf6 Nxf6 14. Ng5 Qd7 15. d4 Bxe2 16. Qxe2 Bd6 17. Rad1 c4 18. Bc1 Rae8 19. Rde1 Nd8 20. Ne3 h6 21. Nf3 b5 22. g3 a5 23. Ne5 Bxe5 24. dxe5 Ne4 25. Nc2 Nc6 26. Rd1 b4 27. Qxe4 1-0

[Event "Landesliga Nord 1213"]
[Site "Bayern"]
[Date "2012.10.14"]
[Round "1.2"]
[White "Zehnter, Sebastian"]
[Black "Kunz, Konstantin"]
[Result "1-0"]
[WhiteElo "2199"]
[BlackElo "2118"]
[PlyCount "85"]
[EventDate "2012.10.14"]
[EventType "team-tourn"]
[EventRounds "9"]
[EventCountry "GER"]
[SourceTitle "EXT 2015"]
[Source "ChessBase"]
[SourceDate "2014.11.20"]
[SourceVersion "1"]
[SourceVersionDate "2014.11.20"]
[SourceQuality "1"]
[WhiteTeam "Wuerzburg"]
[BlackTeam "Kitzingen"]
[WhiteTeamCountry "GER"]
[BlackTeamCountry "GER"]

1. e4 c5 2. Nf3 e6 3. d4 cxd4 4. Nxd4 a6 5. Bd3 Nf6 6. Nc3 Qc7 7. Qe2 Bc5 8. Nb3 Bb4 9. Bd2 Nc6 10. 0-0 Be7 11. f4 d6 12. a3 0-0 13. Rae1 b5 14. g4 Re8 15. g5 Nd7 16. Qh5 Bb7 17. Rf3 g6 18. Qg4 Bf8 19. Nd1 Bg7 20. c3 f5 21. gxf6 Nxf6 22. Qh4 Nd7 23. Rh3 Nf8 24. Ne3 Qb6 25. Kf1 Qd8 26. Qf2 d5 27. e5 Qb6 28. Qh4 Qd8 29. Qg3 d4 30. Ng4 dxc3 31. Bxc3 Qd5 32. Nd2 Ne7 33. Ne4 Nd7 34. Qh4 h5 35. Ngf6+ Bxf6 36. exf6 Nf5 37. Qg5 Kf7 38. Rd1 Qc6 39. Bc2 Nf8 40. Qg1 Nh7 41. Nd6+ Kf8 42. Qxg6 Ne3+ 43. Rxe3 1-0

[Event "Oberliga Bayern 1112"]
[Site "Bayern"]
[Date "2012.04.15"]
[Round "9.4"]
[White "Zehnter, Sebastian"]
[Black "Maurer, Jochen"]
[Result "1-0"]
[WhiteElo "2174"]
[BlackElo "2235"]
[PlyCount "70"]
[EventDate "2011.10.02"]
[EventType "team-tourn"]
[EventRounds "9"]
[EventCountry "GER"]
[SourceTitle "EXT 2015"]
[Source "ChessBase"]
[SourceDate "2014.11.20"]
[SourceVersion "1"]
[SourceVersionDate "2014.11.20"]
[SourceQuality "1"]
[WhiteTeam "Wuerzburg"]
[BlackTeam "Pang/Rosenheim"]
[WhiteTeamCountry "GER"]
[BlackTeamCountry "GER"]

1. e4 c5 2. Nf3 e6 3. d4 cxd4 4. Nxd4 a6 5. Nc3 Qc7 6. g3 Nf6 7. Bg2 Nc6 8. 0-0 Be7 9. Re1 Nxd4 10. Qxd4 d6 11. Qd3 Bd7 12. Bg5 h6 13. Bf4 Ng4 14. Qe2 Ne5 15. Rac1 Rc8 16. Nb1 Qc4 17. Qxc4 Nxc4 18. b3 g5 19. Bd2 Nxd2 20. Nxd2 b5 21. c4 0-0 22. e5 dxe5 23. Bb7 Rb8 24. Bxa6 b4 25. Rxe5 Bd6 26. Re2 Rb6 27. Ne4 Rxa6 28. Rd1 Rfa8 29. Nxd6 Bc6 30. c5 Bf3 31. Red2 Bxd1 32. Rxd1 Rc6 33. Ne4 Rxa2 34. Rd4 f5 35. Nf6+ Kg7 1-0

[Event "Oberliga Bayern 1112"]
[Site "Bayern"]
[Date "2012.01.15"]
[Round "5.4"]
[White "Zehnter, Sebastian"]
[Black "Werner, Claus"]
[Result "1/2-1/2"]
[WhiteElo "2174"]
[BlackElo "2183"]
[PlyCount "151"]
[EventDate "2011.10.02"]
[EventType "team-tourn"]
[EventRounds "9"]
[EventCountry "GER"]
[SourceTitle "EXT 2013"]
[Source "ChessBase"]
[SourceDate "2012.11.22"]
[SourceVersion "1"]
[SourceVersionDate "2012.11.22"]
[SourceQuality "1"]
[WhiteTeam "Wuerzburg"]
[BlackTeam "Neutraubling"]
[WhiteTeamCountry "GER"]
[BlackTeamCountry "GER"]

1. b3 e5 2. Bb2 Nc6 3. e3 d5 4. Bb5 Bd6 5. f4 Qh4+ 6. g3 Qe7 7. Nf3 Bg4 8. h3 Bxf3 9. Qxf3 Nf6 10. Nc3 0-0 11. Bxc6 bxc6 12. 0-0 Rfe8 13. Rae1 Rad8 14. Kg2 exf4 15. gxf4 Bb4 16. Nb1 Ne4 17. Kh2 Rd6 18. Rg1 Rg6 19. Rxg6 hxg6 20. Re2 Bd6 21. Kg1 Bc5 22. Kf1 Qh4 23. Kg2 f5 24. d3 Nf6 25. Nd2 Nh5 26. Be5 g5 27. Nf1 Re6 28. Qf2 Qxf2+ 29. Rxf2 gxf4 30. Bxf4 Nxf4+ 31. Rxf4 g6 32. Kf3 Kg7 33. Ra4 g5 34. Ra5 Bb6 35. Ra6 d4 36. exd4 Bxd4 37. c3 Bb6 38. d4 Re1 39. Ne3 f4 40. Ng4 Rc1 41. c4 Bxd4 42. Rxc6 Rc3+ 43. Ke4 Bb6 44. b4 a5 45. bxa5 Bxa5 46. Rc5 Bb6 47. Rxg5+ Kf7 48. Ne5+ Ke7 49. Rg7+ Ke6 50. Rg6+ Ke7 51. Kxf4 Rxh3 52. Rc6 Rh4+ 53. Kf5 Rh5+ 54. Kf4 Rh4+ 55. Kg5 Rh2 56. a4 Ra2 57. c5 Ba5 58. Ra6 Bc3 59. Nc4 Kd7 60. Kf5 Be1 61. Ke5 Bg3+ 62. Kd5 Ra1 63. c6+ Ke7 64. Ra8 Rd1+ 65. Kc5 Bf2+ 66. Kb4 Be1+ 67. Kc5 Bf2+ 68. Kb4 Be1+ 69. Kb3 Rd3+ 70. Kb2 Rc3 71. Na3 Rxc6 72. a5 Bb4 73. a6 Bxa3+ 74. Kxa3 Kd7 75. Kb4 Rc1 76. Kb3 1/2-1/2

[Event "Unterfranken-ch M1 62th"]
[Site "Gerolzhofen"]
[Date "2011.04.29"]
[Round "7"]
[White "Zehnter, Sebastian"]
[Black "Golda, Harald"]
[Result "1/2-1/2"]
[WhiteElo "2176"]
[BlackElo "2301"]
[PlyCount "94"]
[EventDate "2011.04.25"]
[EventType "swiss"]
[EventRounds "9"]
[EventCountry "GER"]
[SourceTitle "EXT 2015"]
[Source "ChessBase"]
[SourceDate "2014.11.20"]
[SourceVersion "1"]
[SourceVersionDate "2014.11.20"]
[SourceQuality "1"]

1. e4 c5 2. Nf3 d6 3. d4 cxd4 4. Nxd4 Nf6 5. Nc3 Nc6 6. g3 g6 7. Nde2 Bg7 8. Bg2 0-0 9. 0-0 Bd7 10. h3 a6 11. a4 Rc8 12. Be3 Nb4 13. a5 Bc6 14. Bb6 Qe8 15. Ra3 Bd7 16. Qd2 Nc6 17. b3 Nd8 18. Rd1 Bc6 19. Nd5 Ne6 20. c4 Nc5 21. Nec3 Ne6 22. Rc1 Nd7 23. Be3 Nec5 24. b4 Ne6 25. f4 Nf6 26. Rb3 Nd7 27. Rbb1 Kh8 28. Kh2 Kg8 29. Kh1 Kh8 30. Kh2 Kg8 31. Bf2 Kh8 32. Kh1 Kg8 33. Kh2 Kh8 34. Bg1 Kg8 35. Kh1 Kh8 36. Kh2 Kg8 37. Rb3 Kh8 38. Ra3 Kg8 39. Rb3 Kh8 40. Ra3 Kg8 41. h4 Nf6 42. Rb3 Nc7 43. b5 Bd7 44. Nxc7 Rxc7 45. bxa6 bxa6 46. Nd5 Nxd5 47. cxd5 Rxc1 1/2-1/2

[Event "Unterfranken-ch M1 62th"]
[Site "Gerolzhofen"]
[Date "2011.04.28"]
[Round "5"]
[White "Zehnter, Sebastian"]
[Black "Kuhn, Norbert"]
[Result "1/2-1/2"]
[WhiteElo "2176"]
[BlackElo "2088"]
[PlyCount "24"]
[EventDate "2011.04.25"]
[EventType "swiss"]
[EventRounds "9"]
[EventCountry "GER"]
[SourceTitle "EXT 2015"]
[Source "ChessBase"]
[SourceDate "2014.11.20"]
[SourceVersion "1"]
[SourceVersionDate "2014.11.20"]
[SourceQuality "1"]

1. b3 d5 2. Bb2 Bg4 3. f3 Bf5 4. e3 e6 5. f4 Nf6 6. Nf3 h6 7. Be2 Bd6 8. 0-0 Nbd7 9. d3 c6 10. h3 Qc7 11. Qe1 0-0-0 12. Nbd2 Rhg8 1/2-1/2

[Event "Unterfranken-ch M1 62th"]
[Site "Gerolzhofen"]
[Date "2011.04.26"]
[Round "2"]
[White "Ziegler, Michael"]
[Black "Zehnter, Sebastian"]
[Result "1-0"]
[WhiteElo "2127"]
[BlackElo "2176"]
[PlyCount "77"]
[EventDate "2011.04.25"]
[EventType "swiss"]
[EventRounds "9"]
[EventCountry "GER"]
[SourceTitle "EXT 2015"]
[Source "ChessBase"]
[SourceDate "2014.11.20"]
[SourceVersion "1"]
[SourceVersionDate "2014.11.20"]
[SourceQuality "1"]

1. d4 d5 2. c4 Nc6 3. Nc3 Nf6 4. cxd5 Nxd5 5. Nf3 e5 6. dxe5 Bb4 7. Bd2 Nxc3 8. bxc3 Ba5 9. Qa4 0-0 10. e3 Bb6 11. Qf4 Qe7 12. Bc4 Be6 13. Bb5 Qc5 14. Bxc6 Qxc6 15. 0-0 Rad8 16. Rfd1 Bc4 17. Nd4 Qd7 18. Be1 c5 19. Nf3 Qb5 20. a4 Qa6 21. Rd6 Be2 22. Ng5 Rxd6 23. exd6 Bd8 24. Ne4 Qc6 25. Ng3 Bd3 26. e4 Re8 27. f3 Bf6 28. Nf5 Kf8 29. Qd2 c4 30. Bg3 g6 31. Qh6+ Kg8 32. Kh1 Bxc3 33. Ne7+ Rxe7 34. dxe7 Bg7 35. Qf4 f5 36. exf5 gxf5 37. Re1 Qe8 38. Qg5 Kf7 39. Qh5+ 1-0

[Event "Oberliga Bayern 1011"]
[Site "Germany"]
[Date "2010.12.12"]
[Round "4.6"]
[White "Rusche, Johannes"]
[Black "Zehnter, Sebastian"]
[Result "0-1"]
[WhiteElo "2228"]
[BlackElo "2176"]
[PlyCount "82"]
[EventDate "2010.10.10"]
[EventType "team-tourn"]
[EventRounds "9"]
[EventCountry "GER"]
[SourceTitle "EXT 2012"]
[Source "ChessBase"]
[SourceDate "2011.11.24"]
[SourceVersion "1"]
[SourceVersionDate "2011.11.24"]
[SourceQuality "1"]
[WhiteTeam "Garching"]
[BlackTeam "Wuerzburg"]
[WhiteTeamCountry "GER"]
[BlackTeamCountry "GER"]

1. e4 c5 2. Nf3 e6 3. c3 b6 4. d4 Bb7 5. Bd3 d5 6. Nbd2 cxd4 7. Nxd4 Nd7 8. Qe2 dxe4 9. Nxe4 Ngf6 10. Bf4 Nxe4 11. Bxe4 Bxe4 12. Qxe4 Bc5 13. Nb3 0-0 14. Rd1 Qc8 15. Nxc5 Nxc5 16. Qf3 e5 17. Bc1 e4 18. Qe2 Nd3+ 19. Kf1 f5 20. f4 b5 21. Be3 Qc4 22. b3 Qxc3 23. g3 Rfc8 24. Kg2 Qf6 25. Rd2 Rc7 26. Rc2 Rac8 27. Rxc7 Rxc7 28. Rd1 a6 29. Rd2 h6 30. Kh3 g5 31. Qh5 g4+ 32. Kg2 Ne1+ 33. Kf2 Nd3+ 34. Ke2 Rc1 35. Qe8+ Kh7 36. Qd7+ Kg6 37. Rd1 Rxd1 38. Kxd1 Qa1+ 39. Kd2 Qb2+ 40. Kd1 Qb1+ 41. Kd2 Qc1+ 0-1

[Event "Oberliga Bayern 0910"]
[Site "Bayern"]
[Date "2010.03.21"]
[Round "8.5"]
[White "Wiemer, Peter"]
[Black "Zehnter, Sebastian"]
[Result "1-0"]
[WhiteElo "2142"]
[BlackElo "220"]
[PlyCount "79"]
[EventDate "2009.10.18"]
[EventType "team-tourn"]
[EventRounds "9"]
[EventCountry "GER"]
[SourceTitle "EXT 2011"]
[Source "ChessBase"]
[SourceDate "2010.11.26"]
[SourceVersion "1"]
[SourceVersionDate "2010.11.26"]
[SourceQuality "1"]
[WhiteTeam "Zirndorf"]
[BlackTeam "Wuerzburg"]
[WhiteTeamCountry "GER"]
[BlackTeamCountry "GER"]

1. e4 d5 2. exd5 Nf6 3. d4 Bg4 4. Bb5+ Nbd7 5. f3 Bf5 6. Ne2 Nxd5 7. 0-0 e6 8. Nbc3 c6 9. Bd3 Bg6 10. Ne4 Nb4 11. Bc4 Nb6 12. Bb3 a5 13. c3 a4 14. Bg5 Qc8 15. cxb4 axb3 16. Qxb3 Nd5 17. a3 h6 18. Bh4 f5 19. N4c3 Bf7 20. Nxd5 exd5 21. Rfe1 Bd6 22. Qe3+ Kf8 23. Bg3 Be7 24. Be5 Rh7 25. Rad1 g5 26. Nc1 Qd7 27. f4 Re8 28. Nd3 b6 29. Rc1 Bd8 30. Rc2 Re6 31. Qf3 Kg8 32. Rec1 Be8 33. b5 cxb5 34. Nb4 Bf7 35. Nc6 Re8 36. Qd3 b4 37. Nxb4 gxf4 38. Nc6 Bg5 39. Qf3 Qe6 40. Nb4 1-0

[Event "Oberliga Bayern 0910"]
[Site "Bayern"]
[Date "2010.02.28"]
[Round "7.4"]
[White "Zach, Andreas"]
[Black "Zehnter, Sebastian"]
[Result "1-0"]
[WhiteElo "2281"]
[BlackElo "220"]
[PlyCount "109"]
[EventDate "2009.10.18"]
[EventType "team-tourn"]
[EventRounds "9"]
[EventCountry "GER"]
[SourceTitle "EXT 2011"]
[Source "ChessBase"]
[SourceDate "2010.11.26"]
[SourceVersion "1"]
[SourceVersionDate "2010.11.26"]
[SourceQuality "1"]
[WhiteTeam "Groebenzell"]
[BlackTeam "Wuerzburg"]
[WhiteTeamCountry "GER"]
[BlackTeamCountry "GER"]

1. d4 g6 2. Bf4 Bg7 3. e3 d6 4. Nf3 Nd7 5. h3 e5 6. Bh2 Qe7 7. Be2 f5 8. c4 Nh6 9. Qb3 Nf7 10. Nc3 c6 11. 0-0-0 0-0 12. g4 a6 13. gxf5 gxf5 14. Rhg1 Kh8 15. Qa3 Re8 16. Rg2 Bf6 17. h4 h6 18. Rdg1 Rb8 19. Bd1 b5 20. cxb5 axb5 21. Qa7 Rb7 22. Qa5 Nb6 23. Bb3 Be6 24. Rg6 Kh7 25. Bxe6 Qxe6 26. Qb4 Nh8 27. R6g2 Nd5 28. Qb3 Nxc3 29. bxc3 e4 30. Nd2 Bxh4 31. Bf4 Bf6 32. Bxh6 Qxb3 33. axb3 d5 34. Bf8 Ng6 35. Rh2+ Nh4 36. Bd6 Rg7 37. Rgh1 Kg8 38. Kb2 Ng6 39. Ra1 f4 40. exf4 e3 41. fxe3 Rxe3 42. f5 Ne7 43. Bf4 Nxf5 44. Ra8+ Kf7 45. Bxe3 Nxe3 46. Ra7+ Kg6 47. Rxg7+ Bxg7 48. b4 Kf5 49. Rf2+ Kg6 50. Re2 Bh6 51. Nf3 Kf5 52. Ne5 Ke4 53. Kb3 Bf4 54. Nxc6 Kd3 55. Rf2 1-0

[Event "Bayern-chA 80th"]
[Site "Immenstadt"]
[Date "2009.08.29"]
[Round "8"]
[White "Hornung, Hans"]
[Black "Zehnter, Sebastian"]
[Result "0-1"]
[WhiteElo "2050"]
[BlackElo "2172"]
[PlyCount "68"]
[EventDate "2009.08.22"]
[EventType "swiss"]
[EventRounds "9"]
[EventCountry "GER"]
[SourceTitle "EXT 2015"]
[Source "ChessBase"]
[SourceDate "2014.11.20"]
[SourceVersion "1"]
[SourceVersionDate "2014.11.20"]
[SourceQuality "1"]

1. Nf3 c5 2. c4 Nf6 3. Nc3 b6 4. e4 Nc6 5. d4 cxd4 6. Nxd4 Bb7 7. Nc2 g6 8. Be2 Bg7 9. 0-0 0-0 10. Bg5 Rc8 11. f3 h6 12. Be3 d6 13. Qd2 Kh7 14. Rab1 Nd7 15. Nd5 Re8 16. Na3 Bf8 17. f4 e6 18. Nc3 Nf6 19. Kh1 d5 20. exd5 exd5 21. cxd5 Nb4 22. f5 g5 23. Bb5 Ne4 24. Nxe4 Rxe4 25. f6 Qxd5 26. Qxd5 Bxd5 27. Bd2 Rd8 28. Bxb4 Rxb4 29. Bd3+ Kg8 30. Be2 Bxa2 31. Rbd1 Rxd1 32. Bxd1 Rxb2 33. Nc2 Bc5 34. Ne1 Bc4 0-1

[Event "Bayern-chA 80th"]
[Site "Immenstadt"]
[Date "2009.08.24"]
[Round "3"]
[White "Mueller, Michael3"]
[Black "Zehnter, Sebastian"]
[Result "1-0"]
[WhiteElo "2010"]
[BlackElo "2172"]
[PlyCount "61"]
[EventDate "2009.08.22"]
[EventType "swiss"]
[EventRounds "9"]
[EventCountry "GER"]
[SourceTitle "EXT 2015"]
[Source "ChessBase"]
[SourceDate "2014.11.20"]
[SourceVersion "1"]
[SourceVersionDate "2014.11.20"]
[SourceQuality "1"]

1. e4 c5 2. d3 e6 3. g3 Nc6 4. Bg2 Bd6 5. f4 Bc7 6. Nc3 Nge7 7. Be3 d6 8. Nf3 a6 9. 0-0 0-0 10. Bf2 Rb8 11. Kh1 b6 12. Qd2 d5 13. e5 f6 14. exf6 gxf6 15. d4 Qd6 16. Rae1 Bd7 17. Re2 Nf5 18. Rfe1 Rbe8 19. Bh3 Nfxd4 20. Bxd4 cxd4 21. Nxd4 Nxd4 22. Qxd4 Qc5 23. Qxc5 bxc5 24. Bxe6+ Rxe6 25. Rxe6 d4 26. Nd5 Ba5 27. b4 Bxe6 28. Rxe6 Bxb4 29. Nxf6+ Kf7 30. Rxa6 Rd8 31. Ng4 1-0

[Event "Bayern-chA 80th"]
[Site "Immenstadt"]
[Date "2009.08.23"]
[Round "2"]
[White "Zehnter, Sebastian"]
[Black "Kues, Manuel"]
[Result "1-0"]
[WhiteElo "2172"]
[BlackElo "1966"]
[PlyCount "75"]
[EventDate "2009.08.22"]
[EventType "swiss"]
[EventRounds "9"]
[EventCountry "GER"]
[SourceTitle "EXT 2015"]
[Source "ChessBase"]
[SourceDate "2014.11.20"]
[SourceVersion "1"]
[SourceVersionDate "2014.11.20"]
[SourceQuality "1"]

1. e4 c5 2. Nc3 e6 3. g3 d5 4. exd5 exd5 5. d4 Be6 6. Nge2 Nc6 7. Bg2 cxd4 8. Nxd4 Nf6 9. 0-0 Rc8 10. Nxe6 fxe6 11. Re1 Be7 12. Rxe6 Qd7 13. Bh3 0-0 14. Rxf6 Qxh3 15. Qxd5+ Kh8 16. Rxf8+ Rxf8 17. Be3 Rf5 18. Qg2 Qg4 19. Rd1 Ne5 20. f4 Nc6 21. Rd2 Rf8 22. Qe2 Qg6 23. Qb5 Qe6 24. Bf2 h6 25. Re2 Qd7 26. Qd3 Qg4 27. Qe4 Bd6 28. Nd5 Rf7 29. Kg2 a6 30. Qe6 Qxe6 31. Rxe6 Bc7 32. Nxc7 Rxc7 33. c3 Kg8 34. Rd6 Re7 35. Kf3 Kf7 36. b4 Rc7 37. Bb6 Re7 38. a4 1-0